000 00326nam a2200109Ia 4500
008 180517s9999 xx 000 0 und d
020 _a9789710167920
100 _aTubon, Nelson T.
245 _aPharmaceutical jurisprudence & ethics :
_bin the Philippines /
260 _aQuezon City :
_bMax Cor
_c2018
300 _aiv, 577 pages
999 _c356416
_d356416